| 000 | 00000nam##2200000za#4500 |
| 001 | 9.635838 |
| 003 | CaOODSP |
| 005 | 20210624220439 |
| 007 | cr ||||||||||| |
| 008 | 150407|2007||||xxc|||||o f|0| 0 fre|d |
| 020 | |a978-1-100-90059-9 |
| 040 | |aCaOODSP|bfre |
| 043 | |an-cn--- |
| 086 | 1 |aA52-134/2007F-PDF |
| 110 | 1 |aCanada. |bAgriculture et agroalimentaire Canada. |bDirection générale de la recherche. |
| 245 | 10|aCultures pièges pour lutter contre le charançon de la graine du chou / |h[ressource électronique]|c[par] Héctor A. Càrcamo. |
| 260 | |aOttawa - Ontario : |bAgriculture et Agroalimentaire Canada. |cc2007. |
| 300 | |a6p.|btableau, photographies |
| 590 | |a15-05-Supp|b2015-03-31 |
| 856 | 40|ahttp://publications.gc.ca|qPDF|s2.90 Mo|uhttps://publications.gc.ca/collections/collection_2009/agr/A52-134-2007F.pdf |